| 000 | 02656nab a2200265 i 4500 | ||
|---|---|---|---|
| 003 | BR-BrBNA | ||
| 005 | 20250218111946.0 | ||
| 008 | 250218b2014 bl.qr|pooa||| 00| 0 por | | ||
| 040 |
_aBR-BrBNA _bpor |
||
| 072 | _aF70 | ||
| 100 | _aSoares, Kelen Pureza | ||
| 100 | _aLonghi, Solon Jonas | ||
| 100 | _aWiteck Neto, Leopoldo | ||
| 100 | _aAssis, Lucas Coelho de | ||
| 245 | _aPalmeiras (Arecaceae) no Rio Grande do Sul, Brasil | ||
| 500 | _aPublicação on-line; Bibliography p. 137-139 (56 ref.); 8 illus.; Summaries (En, Pt) | ||
| 520 | _a Resumo O presente trabalho consiste no levantamento das espécies da família Arecaceae no Rio Grande do Sul. Foram reconhecidas 15 espécies nativas no estado (Bactris setosa, Butia catarinensis, B. eriospatha, B. exilata, B. lallemantii, B. odorata, B. paraguayensis, B. witeckii, B. yatay, Euterpe edulis, Geonoma gamiova, G. schottiana, Syagrus romanzoffiana, Trithrinax acanthocoma e T. brasiliensis), três espécies foram excluídas da flora gaúcha (Acrocomia aculeata, A. totai e Butia microspadix); três binômios foram considerados sinônimos (Butia missionera, B. pulposa e B. quaraimana); Butia stolonifera foi considerada espécie dúbia; além disso, são apresentados dois híbridos naturais, sendo um deles descrito no presente trabalho (× Butyagrus alegretensis e × Butyagrus nabonnandii). Palavras-chave: espécies, Palmae, taxonomia. Abstract This paper is a survey of Arecaceae family in Rio Grande do Sul state. We recognize 15 native species in this state (Bactris setosa, Butia catarinensis, B. eriospatha, B. exilata, B. lallemantii, B. odorata, B. paraguayensis, B. witeckii, B. yatay, Euterpe edulis, Geonoma gamiova, G. schottiana, Syagrus romanzoffiana, Trithrinax acanthocoma and T. brasiliensis). Three species were excluded from Rio Grande do Sul flora (Acrocomia aculeata, A. totai and Butia microspadix), three names were considered synonyms (Butia missionera, B. pulposa and B. quaraimana); Butia stolonifera was considered a doubtful specie. Two natural hybrids are recognized, one of them being described in this work (x Butyagrus alegretensis and × Butyagrus nabonnandii). Key words: Palmae, species, taxonomy. | ||
| 650 | _aESPÉCIE | ||
| 650 | _aTAXONOMIA | ||
| 650 | _aPALMAE | ||
| 773 | 0 |
_0709 _9348517 _dRio de Janeiro-RJ Jardim Botanico do Rio de Janeiro 1935 _o2025-1010 _tRodriguésia (Brazil) _x0370-6583; 2175-7860 on-line _gv. 65(1) p. 113-139; (2014) _wBR2024004186 |
|
| 856 | _uhttps://www.scielo.br/j/rod/a/R8cpsjTCck7zkLyygP8QGdJ/?format=pdf&lang=pt | ||
| 942 | _cANA | ||
| 999 |
_c330019 _d330019 |
||